| 000 | 01042nam a22001937a 4500 | ||
|---|---|---|---|
| 001 | 9440 | ||
| 003 | FISKH | ||
| 005 | 20260108112255.0 | ||
| 008 | 260108b cb ||||| |||| 00| 0 eng d | ||
| 040 |
_aFISKH _beng _cFISKH _dFISKH |
||
| 082 | _a956.05 | ||
| 100 | _aAnonymous | ||
| 245 |
_aHistorical cutural heritage / _cBy Anonymous |
||
| 260 | _aPhnom Penh : | ||
| 300 |
_a61 pages : _bcolor illustrations , maps ; _c21 cm . |
||
| 520 | _aThis book explores the rich history and cultural heritage of a region, country, or community. It highlights significant historical events, monuments, traditions, arts, and social customs that have shaped the identity of its people. Through detailed descriptions, photographs, and illustrations, the book aims to preserve knowledge of cultural legacies while educating readers about the importance of heritage conservation. It is designed for students, researchers, tourists, and anyone interested in understanding the past and cultural richness of a place. | ||
| 942 |
_2ddc _cBK _n0 |
||
| 999 |
_c9440 _d9440 |
||